ბათუმის შოთა რუსთაველის სახელმწიფო უნივერსიტეტის ბიბლიოთეკა

მეთოდური მითითებანი მშენებლობის ორგანიზაციის საკურსო პროექტის დამუშავებისათვის / (ბიბ.ჩანაწერი № 39203)

000 -ლიდერი
ფიქსირებული სიგრძის საკონტროლო ველი 01504nam a2200253Ia 4500
001 - საკონტროლო ნომერი
საკონტროლო ველი 5789
003 - საკონტროლო ნომრის იდენტიფიკატორი
საკონტროლო ველი GE_BSU
005 - ბოლო ოპერაციის თარიღი და დრო
საკონტროლო ველი 20190617151511.0
008 - ფიქსირებული სიგრძის მონაცემთა ელემენტები - ზოგადი ინფორმაცია
ფიქსირებული სიგრძის საკონტროლო ველი 181216s1974||||ge |||||||||||||| ||geo||
040 ## - კატალოგიზაციის წყარო
Transcribing agency GE_BSU
041 ## - ენის კოდი
Language code of text/sound track or separate title geo
080 ## - უნივერსალური ათობითი კლასიფიკაციის ინდექსი
Universal Decimal Classification number 69 : 658.5(072) მ-50
245 ## - ცნობა სათაურის შესახებ
Title მეთოდური მითითებანი მშენებლობის ორგანიზაციის საკურსო პროექტის დამუშავებისათვის /
Statement of responsibility, etc შემდგ. : შ. სირაძე, ჟ. კომპანიონი, ქ. გოლაშვილი ; რედ. ე. კირვალიძე.
264 ## - წარმოების, გამოცემის, დისტრიბუციის და სხვა ცნობები
გამოცემის, წარმოების, დისტრიბუციის... ადგილი თბილისი :
გამოცემის, წარმოების, დისტრიბუციის... სახელწოდება სპი,
გამოცემის, წარმოების, დისტრიბუციის... თარიღი 1974.
300 ## - ფიზიკური აღწერა
Extent 48 გვ.;
Dimensions 20 სმ.
504 ## - BIBLIOGRAPHY, ETC. NOTE
Bibliography, etc ბიბლიოგრ. : გვ.47.
653 ## - INDEX TERM--UNCONTROLLED
Uncontrolled term მეთოდური მითითებანი მშენებლობის ორგანიზაციის საკურსო პროექტის დამუშავებისათვის
653 ## - INDEX TERM--UNCONTROLLED
Uncontrolled term მშენებლობის ორგანიზაცია
700 ## - ADDED ENTRY--PERSONAL NAME
Personal name სირაძე, შ.
Relator term შემდგენელი
9 (RLIN) 839
700 ## - ADDED ENTRY--PERSONAL NAME
Personal name კომპანიონი, ჟ.
Relator term შემდგენელი
9 (RLIN) 2494
700 ## - ADDED ENTRY--PERSONAL NAME
Personal name გოლაშვილი, ქ.
Relator term შემდგენელი
9 (RLIN) 2524
700 ## - ADDED ENTRY--PERSONAL NAME
Personal name კირვალიძე, ე.
Relator term რედაქტორი
9 (RLIN) 2525
942 ## - ADDED ENTRY ELEMENTS (KOHA)
Koha item type წიგნი
Source of classification or shelving scheme
ეგზემპლარები
ჩამოწერის სტატუსი დაკარგული ეგზემპლარის სტატუსი კლასიფიკაციის წყარო ან თაროზე გაწყობის სქემა დაზიანების სტატუსი არ გაიცემა მუდმივი მდებარეობა (დაცვის ადგილი) ამჟამინდელი ადგილსამყოფელი თაროზე განთავსების ადგილი შეძენის თარიღი ღირებულება, შესყიდვის ნორმალური ფასი სრული შენახვის შიფრი შტრიხკოდი ბოლო ოპერაციის თარიღი ეგზემპლარის მიმდევრობითი ნომერი (კეტერი?) ფასის ძალაში შესვლის თარიღი ეგზემპლარის სახეობა საჯარო შენიშვნა
          ტექნოლოგიური ფაკულტეტის ბიბლიოთეკა ტექნოლოგიური ფაკულტეტის ბიბლიოთეკა წიგნსაცავი 2018-12-17 0.50 69 : 658.5(072) მ-50 12275 2018-12-17 12275 2018-12-17 წიგნი 0.50 ლ.
          ტექნოლოგიური ფაკულტეტის ბიბლიოთეკა ტექნოლოგიური ფაკულტეტის ბიბლიოთეკა წიგნსაცავი 2018-12-17 0.50 69 : 658.5(072) მ-50 12276 2018-12-17 12276 2018-12-17 წიგნი 0.50 ლ.
          ტექნოლოგიური ფაკულტეტის ბიბლიოთეკა ტექნოლოგიური ფაკულტეტის ბიბლიოთეკა წიგნსაცავი 2018-12-17 0.50 69 : 658.5(072) მ-50 12277 2018-12-17 12277 2018-12-17 წიგნი 0.50 ლ.